00638nam a2200157 a 450000500170000000800410001702000180005805000260007610000190010224500440012126000270016530000320019250000500022452001980027452100080047220140310183404.0121120s19uu xx 00 eng d a9781849207607 aLC 1203.G7b.H47 2011 aHerbert, Sarah aThe inclusion toolkit /cSarah Herbert. aLondon :bSAGE,c2011. ax, 106 p. :bill. ;c31 cm. aIncludes bibliographical references and index aThis book is aimed at the teacher who wishes to respond to the diversity of learning needs of children who are placed within their mainstream classroom, without teaching each child differently. aEDU